| 000 | 00973nam a2200277 c 4500 | ||
|---|---|---|---|
| 003 | BLK | ||
| 005 | 20250605134504.0 | ||
| 008 | 180411b bul|||||r ||||||| ||bul|| | ||
| 020 | _a9786199299807 | ||
| 040 | _aBLK | ||
| 041 |
_aBUL _cBUL |
||
| 080 |
_aБългарска литература _b821.163.2 _x-93-34 _z821.163.2-93-34 |
||
| 100 |
_aТабаков, Юлиян Емилов _91299 |
||
| 245 | 1 | 0 |
_aВиждам те _cЮлиян Табаков |
| 257 | _aBGR | ||
| 260 |
_aСофия _bТапа _c2024 _9497507 |
||
| 300 |
_a1 албум (97 с.) _bс цв. ил. _c23 x 28 см |
||
| 380 | _aDX | ||
| 500 | _aНа Галерия в Библиотека Любен Каравелов подпис | ||
| 852 | _aЦб 326539 | ||
| 856 | 4 | _qpdf | |
| 856 | 4 | _qpdf | |
| 942 |
_cKNG _n0 |
||
| 944 |
_cИваничка Йорданова _k30560 _lГеновева Генчева |
||
| 999 |
_c527210 _d527210 |
||